Vista normal Vista MARC

Entrada Materia (personas)

Número de registros utilizados en: 1

001 - CONTROL NUMBER

  • control field: 163174

003 - CONTROL NUMBER IDENTIFIER

  • control field: Co-BoUCM

005 - DATE AND TIME OF LATEST TRANSACTION

  • control field: 20211111074513.0

008 - FIXED-LENGTH DATA ELEMENTS

  • fixed length control field: 211111|| aca||aabn | a|a d

040 ## - CATALOGING SOURCE

  • Original cataloging agency: Co-BoUCM
  • Transcribing agency: Co-BoUCM

100 ## - HEADING--PERSONAL NAME

  • Personal name: García Blanco, Rosa
  • Dates associated with a name: 1965-

670 ## - SOURCE DATA FOUND

  • Source citation: Work cat.: (Co-BoUCM)51395: Jiménez Pelayo, Jesús 1969- 163173, El catálogo de autoridades creación y gestión de unidades documentales, 2002